| 000 | 00985nam a22003137a 4500 | ||
|---|---|---|---|
| 001 | BR0002705 | ||
| 003 | BR-BrBNA | ||
| 005 | 20230928100631.0 | ||
| 007 | ta | ||
| 008 | 230509b bl.||||| |||| 00| 0 por d | ||
| 040 |
_aBR-BrBNA _bpor _cBiblioteca Nacional de Agricultura |
||
| 041 | _a(Por) | ||
| 072 | _aT01 | ||
| 090 | _ T01 BR0002705 | ||
| 100 | 1 | _aTavares, G.A. | |
| 110 | 1 |
_aCentro de Energia Nuclear na Agricultura, Piracicaba, SP (Brasil) _0Tese (Mestre em Ciencias) |
|
| 245 | 1 | _aVerificacao da ocorrencia de mercurio total em lagoas marginais ao rio Moji-Guacu, Sao Paulo, atraves do uso de cores de sedimentos | |
| 260 | 3 |
_aPiracicaba, SP (Brasil): _c2000. |
|
| 300 | _a96 p. | ||
| 500 | _aSummaries (Eng, Por); 18 illus.; 23 tables; Bibliography p. 85-96 | ||
| 650 | _aMetal Pesado | ||
| 650 | _aCor | ||
| 650 | _aSedimento | ||
| 650 | _aAluminio | ||
| 650 | _aPoluicao | ||
| 650 | _aSao Paulo | ||
| 909 |
_a202309 _bLucia _c55 _dLucia Elande |
||
| 942 | _cBK | ||
| 999 |
_c62122 _d62122 |
||